[Event "Gibraltar Masters 18th"]
[Site "Caleta"]
[Date "2020.01.27"]
[Round "7"]
[White "Reeder, Andrew"]
[Black "Seewi, Joram"]
[Result "1/2-1/2"]
[WhiteElo "2064"]
[BlackElo "2109"]
[PlyCount "83"]
[EventDate "2020.01.21"]
[EventType "swiss"]
[EventRounds "10"]
[EventCountry "GGB"]
[SourceTitle "CBM 194 Extra"]
[Source "ChessBase"]
[SourceDate "2020.03.31"]
[SourceVersion "1"]
[SourceVersionDate "2020.03.31"]
[SourceQuality "1"]

1. Nf3 g6 2. e4 Nf6 3. Nc3 d5 4. e5 Ne4 5. d4 c5 6. Nxe4 dxe4 7. Ng5 h6 8. Nxe4 Qxd4 9. Qxd4 cxd4 10. Bf4 g5 11. Bg3 a6 12. Bc4 Bg7 13. 0-0 Bf5 14. Nc5 Bxc2 15. Rac1 Bg6 16. Rfd1 0-0 17. Rxd4 Nc6 18. Rd7 Nxe5 19. Bxe5 Bxe5 20. Rxb7 Bf4 21. Rd1 Rfc8 22. b4 a5 23. a3 axb4 24. axb4 Bd6 25. Rb5 Ra3 26. Bd5 Be5 27. g3 Kg7 28. Be4 Bh5 29. Rb1 Bd4 30. Rb7 Kf8 31. Re1 Ra2 32. Nd3 Rcc2 33. Rb8+ Kg7 34. b5 Be2 35. Nb4 Rcb2 36. Nxa2 Rxa2 37. Rc8 Bxb5 38. Rc2 Ra3 39. Kg2 Ra7 40. h3 e5 41. g4 Bd7 42. Rb1 1/2-1/2

[Event "Gibraltar Masters 18th"]
[Site "Caleta"]
[Date "2020.01.21"]
[Round "1"]
[White "Gunina, Valentina"]
[Black "Seewi, Joram"]
[Result "1-0"]
[WhiteElo "2461"]
[BlackElo "2109"]
[PlyCount "77"]
[EventDate "2020.01.21"]
[EventType "swiss"]
[EventRounds "10"]
[EventCountry "GGB"]
[SourceTitle "CBM 194 Extra"]
[Source "ChessBase"]
[SourceDate "2020.03.31"]
[SourceVersion "1"]
[SourceVersionDate "2020.03.31"]
[SourceQuality "1"]

1. d4 Nc6 2. c4 e5 3. d5 Nce7 4. Nc3 Ng6 5. Nf3 Be7 6. Qc2 d6 7. h4 Bxh4 8. Nxh4 Nxh4 9. c5 Nf5 10. cxd6 Qxd6 11. e3 a6 12. Bd2 Nf6 13. 0-0-0 c6 14. g4 Ne7 15. g5 Nfxd5 16. Rxh7 Rg8 17. Ne4 Qc7 18. f3 Bf5 19. Rh2 0-0-0 20. Qc5 Kb8 21. Bxa6 bxa6 22. Ba5 Qa7 23. Bxd8 Rxd8 24. Qxa7+ Kxa7 25. Nc5 Rc8 26. e4 Bg6 27. exd5 cxd5 28. b4 Nc6 29. a3 Nd4 30. f4 Nb3+ 31. Kb2 Nxc5 32. bxc5 Rxc5 33. fxe5 Bf5 34. Rf1 g6 35. Rh7 Rc7 36. Rxf5 gxf5 37. e6 Rb7+ 38. Kc3 Rb8 39. exf7 1-0

[Event "Heusenstamm Sparkassen op-A 6th"]
[Site "Heusenstamm"]
[Date "2019.11.22"]
[Round "2"]
[White "Kuerschner, Matthias"]
[Black "Seewi, Joram"]
[Result "0-1"]
[WhiteElo "1993"]
[BlackElo "2108"]
[PlyCount "164"]
[EventDate "2019.11.21"]
[EventType "swiss"]
[EventRounds "7"]
[EventCountry "GER"]
[SourceTitle "CBM 194 Extra"]
[Source "ChessBase"]
[SourceDate "2020.03.31"]
[SourceVersion "1"]
[SourceVersionDate "2020.03.31"]
[SourceQuality "1"]

1. e4 Nc6 2. Nf3 d5 3. exd5 Qxd5 4. Nc3 Qd6 5. d4 Bg4 6. Be2 0-0-0 7. Ng5 Bxe2 8. Nxe2 Qd5 9. 0-0 Nh6 10. c3 e5 11. Be3 Nf5 12. Nf3 exd4 13. Bxd4 Bd6 14. Qa4 Nfxd4 15. Nexd4 Nxd4 16. Qxd4 Bc5 17. Qxd5 Rxd5 18. Rad1 Rhd8 19. Rxd5 Rxd5 20. Re1 f6 21. Re2 Kd7 22. Rd2 Kc6 23. Kf1 a5 24. Ke2 g5 25. h3 h6 26. Rxd5 Kxd5 27. Nd2 b5 28. f3 f5 29. Kd3 Ke5 30. c4 c6 31. cxb5 cxb5 32. b3 Kf4 33. Ke2 Bb4 34. Nf1 Ke5 35. Kd3 f4 36. Nh2 h5 37. Nf1 Kd5 38. Nh2 Be1 39. Nf1 Kc5 40. Nh2 Kb4 41. Kc2 Ka3 42. Kb1 a4 43. bxa4 Kxa4 44. Kc2 Ka3 45. Kb1 b4 46. Nf1 Bc3 47. Nh2 Bd2 48. Nf1 Be3 49. g3 h4 50. gxh4 gxh4 51. Nh2 b3 52. axb3 Kxb3 53. Ng4 Kc3 54. Ne5 Bf2 55. Kc1 Bg3 56. Kd1 Kd4 57. Nf7 Ke3 58. Ng5 Kf2 59. Kd2 Kg2 60. Kd3 Bf2 61. Ke4 Kg3 62. Ne6 Be3 63. Ng5 Bc1 64. Kf5 Ba3 65. Ne6 Bd6 66. Ng5 Bf8 67. Ke4 Bh6 68. Nf7 Bg7 69. Ng5 Bh6 70. Nf7 Bf8 71. Ng5 Be7 72. Ne6 Kxh3 73. Nxf4+ Kg3 74. Ne2+ Kf2 75. Nf4 Bd6 76. Nh3+ Kg2 77. Ng5 Kg3 78. Kd3 Bf4 79. Ne4+ Kxf3 80. Nf6 h3 81. Ng4 Kxg4 82. Ke2 h2 0-1

[Event "Heusenstamm Sparkassen op-A 6th"]
[Site "Heusenstamm"]
[Date "2019.11.22"]
[Round "3"]
[White "Seewi, Joram"]
[Black "Hahn, Markus"]
[Result "0-1"]
[WhiteElo "2108"]
[BlackElo "2291"]
[PlyCount "92"]
[EventDate "2019.11.21"]
[EventType "swiss"]
[EventRounds "7"]
[EventCountry "GER"]
[SourceTitle "CBM 193 Extra"]
[Source "ChessBase"]
[SourceDate "2020.01.31"]
[SourceVersion "1"]
[SourceVersionDate "2020.01.31"]
[SourceQuality "1"]

1. Nc3 c5 2. Nf3 Nc6 3. d4 cxd4 4. Nxd4 g6 5. Nxc6 bxc6 6. Qd4 Nf6 7. Ne4 Bg7 8. Bg5 0-0 9. Nxf6+ exf6 10. Bf4 f5 11. Qb4 Qb6 12. Qxb6 axb6 13. c3 Re8 14. a3 d5 15. 0-0-0 Ba6 16. e3 Bxf1 17. Rhxf1 b5 18. Kc2 Ra4 19. g3 Bf8 20. Rd4 Ra7 21. Ra1 h6 22. h4 f6 23. g4 fxg4 24. h5 g5 25. Bg3 f5 26. Rf1 Bc5 27. Rd3 Rf7 28. b3 Re4 29. b4 Bb6 30. Ra1 f4 31. exf4 gxf4 32. Bh4 Rf5 33. a4 bxa4 34. Rxa4 Rxh5 35. Ra6 Rxh4 36. Rxb6 Rh2 37. Rxc6 Rxf2+ 38. Kb3 Re7 39. b5 g3 40. b6 g2 41. Rg6+ Kh7 42. Rg4 Rg7 43. Rxg2 Rfxg2 44. Kb4 Rf7 45. Rf3 Rg3 46. Rf1 f3 0-1

[Event "Wiesbaden op 31st"]
[Site "Wiesbaden"]
[Date "2019.08.24"]
[Round "5"]
[White "Ehmann, Thilo"]
[Black "Seewi, Joram"]
[Result "1-0"]
[WhiteElo "2315"]
[BlackElo "2098"]
[PlyCount "169"]
[EventDate "2019.08.22"]
[EventType "swiss"]
[EventRounds "7"]
[EventCountry "GER"]
[SourceTitle "EXT 2020"]
[Source "ChessBase"]
[SourceDate "2019.10.17"]
[SourceVersion "1"]
[SourceVersionDate "2019.10.17"]
[SourceQuality "1"]

1. e4 Nf6 2. Nc3 d5 3. e5 Ne4 4. d3 Nxc3 5. bxc3 d4 6. c4 e6 7. Be2 Nc6 8. Nf3 b6 9. 0-0 Bb7 10. Bb2 Bc5 11. Qd2 0-0 12. Rfe1 a5 13. Bf1 a4 14. a3 h6 15. Qf4 f5 16. exf6 Rxf6 17. Qg4 Qd7 18. c3 Rd8 19. Re4 e5 20. Qxd7 Rxd7 21. cxd4 exd4 22. Re2 Na5 23. Nd2 Nb3 24. Rae1 Nxd2 25. Rxd2 Rf8 26. g3 Rb8 27. Bg2 Bxg2 28. Kxg2 Bf8 29. Re6 c5 30. Kf3 Rd6 31. Rxd6 Bxd6 32. Ke4 b5 33. cxb5 Rxb5 34. Kd5 Bf8 35. Kc4 Rb3 36. Kd5 Kf7 37. f4 Kf6 38. g4 g6 39. h3 Kf7 40. Kc4 Ke6 41. Re2+ Kd6 42. f5 gxf5 43. gxf5 h5 44. f6 Rb7 45. Bc1 Rb1 46. Bf4+ Kd7 47. f7 Rf1 48. Re8 Rxf4 49. Rxf8 Ke7 50. Rh8 Kxf7 51. Rxh5 Kg6 52. Rxc5 Rh4 53. Ra5 Kf6 54. Rxa4 Ke5 55. Ra5+ Kd6 56. Rd5+ Kc6 57. Rxd4 Rxh3 58. Kc3 Kb5 59. Rd8 Rh4 60. Rb8+ Kc6 61. Rb4 Rh1 62. Rg4 Ra1 63. a4 Ra3+ 64. Kd2 Kd5 65. Ke3 Kd6 66. Rc4 Kd5 67. Rd4+ Ke5 68. Rh4 Kd6 69. Rh6+ Kc7 70. Rh4 Kd6 71. Rf4 Ke5 72. Rd4 Ra1 73. Rb4 Re1+ 74. Kd2 Ra1 75. Kc3 Rc1+ 76. Kb3 Kd5 77. a5 Rd1 78. Kc3 Rc1+ 79. Kb2 Rd1 80. Rb3 Rd2+ 81. Kc3 Ra2 82. Kb4 Kc6 83. Ra3 Rxa3 84. Kxa3 Kb5 85. Kb3 1-0

[Event "Wiesbaden op 31st"]
[Site "Wiesbaden"]
[Date "2019.08.24"]
[Round "4"]
[White "Seewi, Joram"]
[Black "Rump, Andreas"]
[Result "1-0"]
[WhiteElo "2098"]
[BlackElo "1947"]
[PlyCount "60"]
[EventDate "2019.08.22"]
[EventType "swiss"]
[EventRounds "7"]
[EventCountry "GER"]
[SourceTitle "EXT 2020"]
[Source "ChessBase"]
[SourceDate "2019.10.17"]
[SourceVersion "1"]
[SourceVersionDate "2019.10.17"]
[SourceQuality "1"]

1. Nc3 d5 2. e4 d4 3. Nce2 e5 4. Ng3 Nf6 5. Bc4 Bd6 6. N1e2 Nc6 7. a3 Qe7 8. d3 Be6 9. Bb5 a6 10. Bxc6+ bxc6 11. 0-0 0-0 12. f4 Bg4 13. h3 Bxe2 14. Qxe2 Rfb8 15. Nf5 Qf8 16. b3 Nd7 17. Qg4 Rd8 18. a4 Kh8 19. Qh4 f6 20. fxe5 Bxe5 21. Qg4 Qf7 22. h4 Nf8 23. h5 Ne6 24. Nh4 Qd7 25. Rf5 c5 26. Bd2 Nf8 27. Raf1 Rab8 28. Qh3 Kg8 29. Nf3 Re8 30. g4 g6 1-0

[Event "Mittelrhein Verbandsliga-N 18/19"]
[Site "Nordrheinwestfalen"]
[Date "2019.05.05"]
[Round "10.2"]
[White "Seewi, Joram"]
[Black "Harringer, Manfred"]
[Result "1-0"]
[WhiteElo "2042"]
[BlackElo "1968"]
[PlyCount "73"]
[EventDate "2018.09.02"]
[EventType "team-tourn"]
[EventRounds "12"]
[EventCountry "GER"]
[SourceTitle "EXT 2022"]
[Source "ChessBase"]
[SourceDate "2021.10.06"]
[SourceVersion "1"]
[SourceVersionDate "2021.10.06"]
[SourceQuality "1"]
[WhiteTeam "Kalker/Deutzer SG"]
[BlackTeam "Bergische SF"]
[WhiteTeamCountry "GER"]
[BlackTeamCountry "GER"]

1. d4 Nf6 2. c4 e6 3. g3 d5 4. Bg2 Be7 5. Nf3 0-0 6. 0-0 dxc4 7. Qc2 a6 8. Qxc4 b5 9. Qc2 Bb7 10. Bf4 Bd6 11. Bg5 Nbd7 12. Nbd2 c5 13. Bxf6 gxf6 14. Ne4 Bxe4 15. Qxe4 c4 16. Qg4+ Kh8 17. e4 Qe7 18. Qh5 Rad8 19. Nh4 Rg8 20. f4 Bb8 21. Rad1 Nf8 22. e5 Ba7 23. Nf3 Nd7 24. Kh1 Rg6 25. Nh4 Rg7 26. Qe2 Nb6 27. f5 Nd5 28. fxe6 Qxe6 29. Qe4 Rg4 30. Qf3 Kg8 31. Bh3 h5 32. Nf5 Kf8 33. Bxg4 hxg4 34. Qxg4 Qc6 35. Qf3 Qd7 36. Nd6 Nb6 37. Qxf6 1-0

[Event "Mittelrhein Verbandsliga-N 17/18"]
[Site "Nordrheinwestfalen"]
[Date "2017.10.22"]
[Round "3.2"]
[White "Pejkovic, Patrick Slavko"]
[Black "Seewi, Joram"]
[Result "1-0"]
[WhiteElo "2029"]
[BlackElo "1929"]
[PlyCount "117"]
[EventDate "2017.09.10"]
[EventType "team-swiss"]
[EventRounds "11"]
[EventCountry "GER"]
[SourceTitle "EXT 2022"]
[Source "ChessBase"]
[SourceDate "2021.10.06"]
[SourceVersion "1"]
[SourceVersionDate "2021.10.06"]
[SourceQuality "1"]
[WhiteTeam "Langenfeld II"]
[BlackTeam "Kalker/Deutzer SG"]
[WhiteTeamCountry "GER"]
[BlackTeamCountry "GER"]

1. e4 Nf6 2. e5 Nd5 3. d4 d6 4. c4 Nb6 5. exd6 cxd6 6. Nc3 g6 7. Be3 Bg7 8. Rc1 0-0 9. b3 Nc6 10. Nf3 Bg4 11. Be2 d5 12. c5 Nc8 13. 0-0 e6 14. Ne1 Bxe2 15. Nxe2 N8e7 16. Ng3 e5 17. dxe5 d4 18. Bg5 Nxe5 19. Nd3 N5c6 20. Qd2 f5 21. Bh6 Nd5 22. Bxg7 Kxg7 23. Rfe1 Qf6 24. f4 Rfe8 25. Nf1 Re4 26. b4 Rae8 27. b5 Nd8 28. Ng3 Nf7 29. c6 bxc6 30. Rxc6 R4e6 31. Rexe6 Rxe6 32. Ne5 Nxe5 33. fxe5 Qxe5 34. Rxe6 Qxe6 35. Qxd4+ Kh6 36. Qh4+ Kg7 37. Qd4+ Kh6 38. Qxa7 Qe1+ 39. Nf1 f4 40. Qd4 Qe6 41. a4 g5 42. h3 Ne3 43. h4 Nf5 44. hxg5+ Kxg5 45. Qd8+ Kh5 46. Qd1+ Kg5 47. Qd8+ Kh5 48. Qc7 Kg5 49. b6 Qe4 50. Qd8+ Kh5 51. Qd1+ Kg5 52. a5 Nh4 53. Qd8+ Kh5 54. Qd2 Qg6 55. Qd5+ Kh6 56. b7 f3 57. Qd2+ Kh5 58. b8Q Nxg2 59. Qe5+ 1-0